La hoja de papel.
保存先:
| 第一著者: | |
|---|---|
| フォーマット: | 図書 |
| 言語: | スペイン語 |
| 出版事項: |
Castro, Chile: Santiago, Chile:
Ediciones Aumen,
1992.
|
| 主題: | |
| タグ: |
タグ追加
タグなし, このレコードへの初めてのタグを付けませんか!
|
MARC
| LEADER | 00000nam a2200000 a 4500 | ||
|---|---|---|---|
| 001 | UCZ2451 | ||
| 003 | CL-VaPUC | ||
| 005 | 20241212111457.0 | ||
| 008 | 951005e19920000CL |||||||||||||||||spa|d | ||
| 999 | |c 239049 |d 239047 | ||
| 040 | |c Pontificia Universidad Católica de Valparaíso | ||
| 082 | 0 | 4 | |a Ch861 TRU 1992 |2 21 |
| 100 | |a Trujillo, Carlos Alberto |e autor |9 346209 | ||
| 245 | 1 | 3 | |a La hoja de papel. |
| 260 | |a Castro, Chile: |a Santiago, Chile: |b Ediciones Aumen, |c 1992. | ||
| 300 | |a 60 páginas. | ||
| 500 | |a c.4: Donación P.I.I.E. 2-12-2024. | ||
| 583 | |a last modification |c 19951005 00:00:00 |k Rodrigo Vera | ||
| 650 | 0 | |a Poesías chilenas |9 265280 |y Siglo 20 | |
| 650 | 0 | |a Chilean poetry |9 894529 |y 20th century | |
| 942 | |c BK |2 ddc | ||
| 945 | |d 19951005 00:00:00 |a rbrito | ||
| 952 | |0 0 |1 0 |4 0 |6 CH_861_000000000000000_TRU_1992 |7 0 |8 A |9 249835 |a BIBEDU |b BIBEDU |d 2019-11-18 |i 314061K |o Ch861 TRU 1992 |p 314061K |r 2019-11-18 |w 2019-11-18 |y BK |k LIT | ||
| 952 | |0 0 |1 0 |4 0 |6 CH_861_000000000000000_TRU_1992 |7 0 |8 A |9 249836 |a BIBEDU |b BIBEDU |d 2019-11-18 |i 3444546 |o Ch861 TRU 1992 |p 3444546 |r 2019-11-18 |w 2019-11-18 |y BK |k LIT | ||
| 952 | |0 0 |1 0 |4 0 |6 CH_861_000000000000000_TRU_1992 |7 0 |8 A |9 249837 |a BIBEDU |b BIBEDU |d 2019-11-18 |i 3444554 |o Ch861 TRU 1992 |p 3444554 |r 2019-11-18 |w 2019-11-18 |y BK |k LIT | ||
| 952 | |0 0 |1 0 |2 ddc |4 0 |6 CH_861_000000000000000_TRU_1992 |7 0 |8 A |9 598637 |a BIBGIM |b BIBGIM |d 2024-12-12 |e Donación |i 5663600 |o Ch861 TRU 1992 |p 5663600 |r 2025-01-15 |t 4 |w 2024-12-12 |y BK |k ELE | ||